José Luis Fajardo (Record no. 5680)

MARC details
000 - LÍDER
campo de control de longitud fija 00849nam a2200217Ia 4500
008 - ELEMENTOS DE DATOS DE LONGITUD FIJA - INFORMACIÓN GENERAL
campo de control de longitud fija 0000001991 ve a 0000000000spa00
020 ## - INTERNATIONAL STANDARD BOOK NUMBER
International Standard Book Number 9806042697
090 ## - NÚMERO DE LLAMADA DE TIPO LC LOCALMENTE ASIGNADO (OCLC)
Número de clasificación (OCLC) (R) PSP00 F14j
100 1# - ENTRADA PRINCIPAL - NOMBRE PERSONAL
Nombre de la persona Fajardo, José Luis
Fechas asociadas a un nombre 1941
245 10 - TÍTULO DECLARACIÓN
Título José Luis Fajardo
Declaración de responsabilidad / fotografías Renato Donzelli, Pablo J. Rodríguez
260 ## - PUBLICACIÓN, DISTRIBUCIÓN
Lugar de publicación Caracas : Galería Freites
Fecha de publicación 1991
300 ## - DESCRIPCIÓN FÍSICA
Alcance 31 p.
Dimensiones / 22 cm.
500 ## - NOTA GENERAL
Nota general Exposición realizada en la Galeria Freites, Caracas, Octubre Noviembre, 1991 \ Con el patronazgo del maestro venezolano Jesús Rafael Soto (q.e.p.d.)
600 00 - ENTRADA DE SUJETO AÑADIDO - NOMBRE PERSONAL
Nombre de la persona FAJARDO, JOSE LUIS, 1941/
Subdivisión general TRABAJOS PICTORICOS
650 14 - ENTRADA DE SUJETO AÑADIDO - TÉRMINO TÓPICO
Término tópico o elemento de entrada del nombre geográfico ARTE CONTEMPORANEO ESPAÑOL
650 14 - ENTRADA DE SUJETO AÑADIDO - TÉRMINO TÓPICO
Subdivisión general CATALOGOS
650 14 - ENTRADA DE SUJETO AÑADIDO - TÉRMINO TÓPICO
Subdivisión general EXPOSICIONES
650 14 - ENTRADA DE SUJETO AÑADIDO - TÉRMINO TÓPICO
Término tópico o elemento de entrada del nombre geográfico PINTORES ESPAÑOLES
650 14 - ENTRADA DE SUJETO AÑADIDO - TÉRMINO TÓPICO
Término tópico o elemento de entrada del nombre geográfico PINTURA ESPAÑOLA
700 1# - ENTRADA AGREGADA - NOMBRE PERSONAL
Nombre de la persona Donzelli, Renato \ Rodríguez, Pablo J.
Holdings
Estado de retirada Pérdida de estatus Estado dañado No para préstamo Código de recogida Ubicación permanente Ubicación actual Ubicación de las estanterías Fecha de adquisición Número de llamada completo Código de barras Fecha de la última vez que se vio Número de copia Precio efectivo desde Tipo de artículo Koha
        General ArtNexus ArtNexus General 06/09/2022 P-SP-00 F14J 5684 06/09/2022 Ej.1 06/09/2022 Libro

Powered by Koha